000 00383nam a2200157Ia 4500
008 151213s9999 xx 000 0 und d
100 _aRabindra
245 _aInternational to the Theory of Statistics
_cRabindra
250 _a3rd
260 _aDhaka
_bMiuatishil
_c2006
300 _a4211 p.
650 _aStatistics
650 _aStatistics
700 _aRabindra
999 _c2635
_d2635